KOHA-Header-6

Introduction to the Design and Analysis of Algorithms (Record no. 1130)

000 -LEADER
fixed length control field 00344nam a2200133Ia 4500
008 - FIXED-LENGTH DATA ELEMENTS--GENERAL INFORMATION
fixed length control field 190722s9999 xx 000 0 und d
020 ## - INTERNATIONAL STANDARD BOOK NUMBER
International Standard Book Number 978-81-31-1837-7
100 ## - MAIN ENTRY--PERSONAL NAME
Personal name Anany Levithin
245 #0 - TITLE STATEMENT
Title Introduction to the Design and Analysis of Algorithms
250 ## - EDITION STATEMENT
Edition statement 2rd
260 ## - PUBLICATION, DISTRIBUTION, ETC. (IMPRINT)
Place of publication, distribution, etc New Delhi
Name of publisher, distributor, etc Pearson
Date of publication, distribution, etc 2013
300 ## - PHYSICAL DESCRIPTION
Extent 524
942 ## - ADDED ENTRY ELEMENTS (KOHA)
Koha item type Books
Holdings
Withdrawn status Lost status Source of classification or shelving scheme Damaged status Not for loan Collection code Permanent Location Current Location Shelving location Date acquired Total Checkouts Total Renewals Full call number Barcode Checked out Date last seen Date checked out Price effective from Koha item type
          Computer Science MAJU MAJU Shelf No.A33 2019-07-22 6 2 511.8 7755 2025-08-11 2025-02-11 2025-02-11 2019-07-22 Computer Science

Powered by Koha